000 00452nam a2200157 4500
005 20241021102918.0
008 241021b |||||||| |||| 00| 0 eng d
040 _cPK-LaUMT
082 _a891.4393
_bSAE-H
100 _aSaeed Jamal = سعید جمال
_92754
245 _aHussan i Hawwa= حسن حوا /
_cby Saeed Jamal = سعید جمال
260 _aLahore :
_bPardag Publications,
_c2014
300 _a128 p.
546 _aUrdu
942 _cBK
999 _c135576
_d135576